01412cam a22003617a 4500003000500000005001700005008004100022010001000063011001000073020001500083035001100098040000900109082001600118100004100134245012100175260003500296300004800331590004100379590004100420590004100461590004100502590004200543650003400585650005200619650005400671650003400725901000700759905002400766942001000790949008700800999001700887952014600904CHAP20220329143025.0050831d2002 uk abd r 00110 eng d a90829 a91801 a1853838578 a102364 cCHAP04a681.763bU600aUphoff, Norman Thomase, ed.911680210aAgroecological innovations:bincreasing food production with participatory developmentc/ed. by Norman Thomas Uphoff aLondon, UK :bEarthscan,c2002 a306 p. :bilus. ; gráfs. ; mapas ; tablas aBATCH-UPDb10c20130110lUCH01h1139 aBATCH-UPDb10c20130410lUCH01h0725 aBATCH-UPDb10c20130913lUCH01h2232 aBATCH-UPDb10c20130914lUCH01h2123 aCONVERSIONb10c20130109lUCH01h135014aAgricultura orgánica.9200514aAgriculturaxInnovaciones tecnológicas.9156514aAgriculturaxTransferencia de tecnología.9188514aCultivosxRendimiento.930318 aBK aMarco A. Mendoza T. cLIBRO a681.763 U6bBCcLIBROd33724000977005eLIBROgI.224493h106745i102364sbt$526.00 c90829d90829 00102ddc4052708GRALaBCbBCcPP_GRALd2019-12-31eI.224493fLIBROl0o681.763 U6p33724000977005r2019-12-31 00:00:00w2019-12-31yLIBRO